Lecciones de Derecho Penal: parte especial.
Sparad:
| Huvudupphovsman: | |
|---|---|
| Materialtyp: | Bok |
| Språk: | spanska |
| Publicerad: |
Barcelona, España
Atelier
2006
|
| Serie: | Manuales Universitarios
|
| Ämnen: | |
| Taggar: |
Lägg till en tagg
Inga taggar, Lägg till första taggen!
|
MARC
| LEADER | 00000nam a2200000 a 4500 | ||
|---|---|---|---|
| 001 | UCJ9034 | ||
| 003 | CL-VaPUC | ||
| 005 | 20240819123708.0 | ||
| 008 | 070302e20060000SP |||||||||||||||||spa|d | ||
| 999 | |c 324673 |d 324671 | ||
| 020 | |a 8496354776 | ||
| 040 | |c Pontificia Universidad Católica de Valparaíso | ||
| 082 | 0 | 4 | |a 345.46 SIL 2006 |2 21 |
| 100 | 0 | |a Silva Sánchez, Jesús María |9 518925 | |
| 245 | 1 | 0 | |a Lecciones de Derecho Penal: parte especial. |
| 260 | 0 | 3 | |a Barcelona, España |b Atelier |c 2006 |
| 300 | |a 380 páginas. | ||
| 490 | 0 | |a Manuales Universitarios | |
| 583 | |a last modification |c 20070302 00:00:00 |k Rodrigo Vera | ||
| 650 | 0 | |a Derecho penal español |9 368528 | |
| 650 | 7 | |a DELITOS CONTRA LAS PERSONAS |2 CL-VaPUC |9 256124 | |
| 650 | 0 | |a Fuentes del derecho |9 255162 | |
| 650 | 7 | |a HOMICIDIO |2 CL-VaPUC |9 336529 | |
| 650 | 7 | |a SUICIDIO |2 CL-VaPUC |9 317374 | |
| 650 | 0 | |a Aborto |9 256680 | |
| 650 | 0 | |a Jurisprudencia |9 255952 | |
| 650 | 7 | |a CULPABILIDAD |2 CL-VaPUC |9 351694 | |
| 650 | 0 | |a Administración pública |9 255343 | |
| 942 | |c BK |2 ddc | ||
| 945 | |d 20070302 00:00:00 |a cmena | ||
| 952 | |0 0 |1 0 |2 ddc |4 0 |6 345_460000000000000_SIL_2006 |7 0 |8 A |9 404964 |a BIBDER |b BIBDER |d 2019-11-22 |i 4320913 |o 345.46 SIL 2006 |p 4320913 |r 2023-01-25 |t 1 |w 2019-11-22 |y BK |k DER | ||